LEADER 01895nam 2200553 a 450 001 9910465955103321 005 20200520144314.0 010 $a1-61728-238-3 035 $a(CKB)2560000000068781 035 $a(EBL)3019977 035 $a(SSID)ssj0000423712 035 $a(PQKBManifestationID)12103526 035 $a(PQKBTitleCode)TC0000423712 035 $a(PQKBWorkID)10468206 035 $a(PQKB)11249568 035 $a(MiAaPQ)EBC3019977 035 $a(Au-PeEL)EBL3019977 035 $a(CaPaEBR)ebr10674985 035 $a(OCoLC)923662384 035 $a(EXLCZ)992560000000068781 100 $a20100420d2010 uy 0 101 0 $aeng 135 $aur|n|---||||| 181 $ctxt 182 $cc 183 $acr 200 10$aN-3 fats$b[electronic resource] $enutritional needs, traditional and novel sources and microbial production strategies /$fAnita Nordeng Jakobsen 210 $aHauppauge, N.Y. $cNova Science Publishers$d2010 215 $a1 online resource (73 p.) 225 1 $aNutrition and diet research progress 300 $aDescription based upon print version of record. 311 $a1-61668-687-1 320 $aIncludes bibliographical references and index. 327 $aNomenclature of fatty acids -- Fatty acid biosynthesis -- Nutritional needs of long chain n-3 fat -- Sources of n-3 PUFA -- Single cell oils as sources of EPA and DHA. 410 0$aNutrition and diet research progress series. 606 $aFatty acids in human nutrition 606 $aOmega-3 fatty acids 608 $aElectronic books. 615 0$aFatty acids in human nutrition. 615 0$aOmega-3 fatty acids. 676 $a612.3/97 700 $aJakobsen$b Anita Nordeng$0932111 801 0$bMiAaPQ 801 1$bMiAaPQ 801 2$bMiAaPQ 906 $aBOOK 912 $a9910465955103321 996 $aN-3 fats$92096761 997 $aUNINA LEADER 02923nam 2200733Ia 450 001 9910780548803321 005 20231206205716.0 010 $a1-283-22644-8 010 $a9786613226440 010 $a0-7748-5714-5 024 7 $a10.59962/9780774857147 035 $a(CKB)2430000000000337 035 $a(SSID)ssj0000376848 035 $a(PQKBManifestationID)11923860 035 $a(PQKBTitleCode)TC0000376848 035 $a(PQKBWorkID)10336187 035 $a(PQKB)11679932 035 $a(CaPaEBR)406889 035 $a(CaBNvSL)thg00602858 035 $a(Au-PeEL)EBL3412457 035 $a(CaPaEBR)ebr10221829 035 $a(CaONFJC)MIL322644 035 $a(OCoLC)923444822 035 $a(VaAlCD)20.500.12592/18xxk1 035 $a(schport)gibson_crkn/2009-12-01/3/406889 035 $a(MiAaPQ)EBC3412457 035 $a(DE-B1597)661862 035 $a(DE-B1597)9780774857147 035 $a(MiAaPQ)EBC3253062 035 $a(EXLCZ)992430000000000337 100 $a19941123d1985 uy 0 101 0 $aeng 135 $aurcn||||||||| 181 $ctxt 182 $cc 183 $acr 200 10$aLand, the central human settlement issue$b[electronic resource] /$fH. Peter Oberlander 210 $aVancouver $cUniversity of British Columbia Press$d1985 215 $ax, 103 p., [4] p. of plates $cill. ;$d24 cm 225 1 $aHuman settlement issues ;$v7 300 $a"Published in association with the Centre for Human Settlements at the University of British Columbia." 311 $a0-7748-0235-9 320 $aIncludes bibliography: p. [93]-101. 327 $tFront Matter -- $tContents -- $tIllustrations -- $tPreface -- $tLand for Human Settlements -- $tDemographic Overview and Forecasts -- $tThe Development Context -- $tLand Policy Issues -- $tPublic Control Of Land -- $tPolicy Initiatives for Action Planning -- $tEpilogue -- $tBibliography -- $tAcknowledgements 330 $aPeter Oberlander proposes a number of specific policy shifts to accommodate the poor effectively within the settlement system and to use land strategically as a scarce resource in the development process. 410 0$aHuman settlement issues ;$v7. 606 $aUrban poor$xHousing$zDeveloping countries 606 $aSquatter settlements$zDeveloping countries 606 $aHuman settlements$zDeveloping countries 606 $aLand use, Urban$zDeveloping countries 615 0$aUrban poor$xHousing 615 0$aSquatter settlements 615 0$aHuman settlements 615 0$aLand use, Urban 676 $a333.77/13/091724 700 $aOberlander$b H. Peter$f1922-2008.$01499944 712 02$aUniversity of British Columbia.$bCentre for Human Settlements. 801 0$bMiAaPQ 801 1$bMiAaPQ 801 2$bMiAaPQ 906 $aBOOK 912 $a9910780548803321 996 $aLand, the central human settlement issue$93768748 997 $aUNINA